[Event "Pan American-ch U20 Girls"]
[Site "Vila Santa Cecilia"]
[Date "2023.11.09"]
[Round "6"]
[White "Garcia Andrada, Heidy Nicole"]
[Black "Bravo Mallco, Kate Azumi"]
[Result "1/2-1/2"]
[WhiteElo "1854"]
[BlackElo "2004"]
[PlyCount "71"]
[EventDate "2023.11.06"]
[EventType "tourn"]
[EventRounds "9"]
[EventCountry "BRA"]
[SourceTitle "CB46_2023"]
[SourceDate "2023.11.15"]
[SourceVersion "1"]
[SourceVersionDate "2023.11.15"]
[SourceQuality "1"]

1. c4 e5 2. Nc3 Nf6 3. Nf3 Nc6 4. e4 Bc5 5. Nxe5 Bxf2+ 6. Kxf2 Nxe5 7. d4 Ng6 8. e5 Ng8 9. Be2 d6 10. exd6 Qxd6 11. Bf3 N8e7 12. Ne4 Qa6 13. h4 h5 14. b3 Bg4 15. Nc5 Qb6 16. Re1 0-0-0 17. Be3 Kb8 18. g3 Nf5 19. Bxg4 Nxe3 20. Rxe3 hxg4 21. Qxg4 Qf6+ 22. Qf3 Rxd4 23. Qxf6 gxf6 24. Rae1 Ne5 25. Re4 Rd2+ 26. R1e2 Rd1 27. Kg2 b6 28. Na4 Rd3 29. Nb2 Rd6 30. Kh3 Kc8 31. g4 Nf3 32. Re8+ Rd8 33. Rxh8 Rxh8 34. Kg3 Nxh4 35. Rf2 Kd7 36. Rxf6 1/2-1/2

[Event "Oruro Baptista Memorial"]
[Site "Oruro"]
[Date "2023.11.03"]
[Round "5"]
[White "Garcia Andrada, Heidy Nicole"]
[Black "Fernandez Mallco, Alejandro Elvis"]
[Result "1-0"]
[WhiteElo "1854"]
[BlackElo "1282"]
[PlyCount "107"]
[EventDate "2023.11.01"]
[EventType "swiss"]
[EventRounds "9"]
[EventCountry "BOL"]
[SourceTitle "Mega2024 Update 01"]
[Source "Chessbase"]
[SourceDate "2023.11.12"]
[SourceVersion "1"]
[SourceVersionDate "2023.11.12"]
[SourceQuality "1"]

1. b3 Nf6 2. Bb2 d6 3. e3 g6 4. g3 Bg7 5. Bg2 0-0 6. Ne2 c5 7. 0-0 Nc6 8. d4 Qc7 9. c4 Bd7 10. Nbc3 a6 11. Rc1 Rad8 12. Qd2 Qc8 13. Rfd1 Bh3 14. Nd5 Bxg2 15. Kxg2 e6 16. Nxf6+ Bxf6 17. e4 cxd4 18. Nxd4 Nxd4 19. Bxd4 e5 20. Bb6 Rd7 21. Be3 Qc6 22. Qd5 Rc8 23. Rd3 Kg7 24. h4 h5 25. Rcd1 Kf8 26. f4 Qxd5 27. Rxd5 Ke7 28. c5 Rc6 29. cxd6+ Ke6 30. Bc5 exf4 31. gxf4 Bxh4 32. Re5+ Kf6 33. Re7 Rxe7 34. dxe7 Re6 35. Rd8 Rxe7 36. Bxe7+ Kxe7 37. Rb8 Be1 38. Rxb7+ Kf8 39. b4 Bd2 40. Kf3 Kg7 41. a4 h4 42. Kg4 Be1 43. b5 axb5 44. axb5 Bg3 45. b6 g5 46. fxg5 Kg6 47. Rc7 f6 48. Rc6 Be5 49. Kxh4 Kf7 50. gxf6 Bf4 51. Kg4 Be5 52. Kf5 Bb8 53. e5 Bxe5 54. Kxe5 1-0

[Event "South America-ch (Women)"]
[Site "Lima"]
[Date "2023.09.21"]
[Round "8"]
[White "Sanchez Cruz, Mireya Jassly"]
[Black "Garcia Andrada, Heidy Nicole"]
[Result "0-1"]
[WhiteElo "1541"]
[BlackElo "1890"]
[PlyCount "96"]
[EventDate "2023.09.14"]
[EventType "swiss"]
[EventRounds "9"]
[EventCountry "PER"]
[SourceTitle "EXT 2024"]
[Source "ChessBase"]
[SourceDate "2023.10.10"]
[SourceVersion "1"]
[SourceVersionDate "2023.10.10"]
[SourceQuality "1"]

1. e4 e6 2. d4 b6 3. Nc3 Bb7 4. Be3 d6 5. Qd2 Nd7 6. Bc4 a6 7. a4 Ngf6 8. f3 d5 9. exd5 exd5 10. Bd3 Bd6 11. Nce2 c5 12. b3 Qc7 13. Bf4 0-0 14. Nh3 cxd4 15. 0-0 Rfe8 16. Nxd4 g6 17. Bxd6 Qxd6 18. Nf4 Ne5 19. Rae1 Re7 20. Qf2 Rae8 21. h4 Nfd7 22. h5 Nxf3+ 23. Nxf3 Qxf4 24. hxg6 hxg6 25. Rxe7 Rxe7 26. Nd4 Qxf2+ 27. Rxf2 Kg7 28. Rd2 Nc5 29. Be2 f5 30. Bf3 Kf6 31. Ne2 Ne4 32. Rd1 g5 33. g3 Rc7 34. Rc1 Ke5 35. Bxe4 fxe4 36. c3 Bc8 37. Nd4 Bg4 38. Kf2 Rh7 39. Kg2 Rf7 40. Rh1 Bf3+ 41. Nxf3+ Rxf3 42. Rc1 g4 43. b4 b5 44. axb5 axb5 45. Rc2 e3 46. Rc1 Ke4 47. Re1 Rf2+ 48. Kg1 Kf3 0-1

[Event "South America-ch (Women)"]
[Site "Lima"]
[Date "2023.09.20"]
[Round "7"]
[White "Garcia Andrada, Heidy Nicole"]
[Black "Mollo Figueroa, Nicole"]
[Result "0-1"]
[WhiteElo "1890"]
[BlackElo "1537"]
[PlyCount "54"]
[EventDate "2023.09.14"]
[EventType "swiss"]
[EventRounds "9"]
[EventCountry "PER"]
[SourceTitle "EXT 2024"]
[Source "ChessBase"]
[SourceDate "2023.10.10"]
[SourceVersion "1"]
[SourceVersionDate "2023.10.10"]
[SourceQuality "1"]

1. e4 e6 2. d4 d5 3. Nd2 c5 4. dxc5 Bxc5 5. exd5 exd5 6. Ngf3 Nc6 7. Nb3 Bd6 8. c3 Nge7 9. h3 0-0 10. Be2 h6 11. Nbd4 a6 12. Be3 Qc7 13. Qd2 b5 14. Nxc6 Qxc6 15. Bd3 Bf5 16. Nd4 Qd7 17. Nxf5 Nxf5 18. Bxf5 Qxf5 19. Rd1 Qg6 20. Qxd5 Rad8 21. Qf3 Qe6 22. 0-0 Qxa2 23. Bb6 Rd7 24. Rd4 Qe6 25. Rfd1 Re8 26. g3 Qxh3 27. Bc5 Rde7 0-1

[Event "South America-ch (Women)"]
[Site "Lima"]
[Date "2023.09.19"]
[Round "6"]
[White "Aliaga Fernandez, Ingrid Yadira"]
[Black "Garcia Andrada, Heidy Nicole"]
[Result "1-0"]
[WhiteElo "2167"]
[BlackElo "1890"]
[PlyCount "67"]
[EventDate "2023.09.14"]
[EventType "swiss"]
[EventRounds "9"]
[EventCountry "PER"]
[SourceTitle "EXT 2024"]
[Source "ChessBase"]
[SourceDate "2023.10.10"]
[SourceVersion "1"]
[SourceVersionDate "2023.10.10"]
[SourceQuality "1"]

1. e4 c5 2. Nf3 Nc6 3. d4 cxd4 4. Nxd4 Qc7 5. Nc3 e6 6. Ndb5 Qb8 7. g3 a6 8. Nd4 Qc7 9. Bg2 Nf6 10. 0-0 Nxd4 11. Qxd4 Bc5 12. Bf4 d6 13. Qd2 h6 14. Rad1 e5 15. Be3 Bg4 16. f3 Bxe3+ 17. Qxe3 Be6 18. h3 Nd7 19. f4 f6 20. Qd2 Ke7 21. Rf3 Rhd8 22. Kh2 Nb6 23. Nd5+ Bxd5 24. exd5 exf4 25. Rc3 Qd7 26. Qxf4 Kf8 27. Qd4 Nc8 28. Re1 Ne7 29. Re6 Ng6 30. Qb6 Ne5 31. Rc7 Qb5 32. Rxb7 Qe2 33. Rxe5 Qxe5 34. Qc7 1-0

[Event "South America-ch (Women)"]
[Site "Lima"]
[Date "2023.09.17"]
[Round "4"]
[White "Garcia Andrada, Heidy Nicole"]
[Black "Rojas Salas, Rihanna Irina"]
[Result "1-0"]
[WhiteElo "1890"]
[BlackElo "1163"]
[PlyCount "47"]
[EventDate "2023.09.14"]
[EventType "swiss"]
[EventRounds "9"]
[EventCountry "PER"]
[SourceTitle "EXT 2024"]
[Source "ChessBase"]
[SourceDate "2023.10.10"]
[SourceVersion "1"]
[SourceVersionDate "2023.10.10"]
[SourceQuality "1"]

1. c4 c6 2. e4 d5 3. cxd5 cxd5 4. exd5 Qxd5 5. Nc3 Qd8 6. d4 e6 7. d5 Bb4 8. Qa4+ Nc6 9. dxc6 Bxc3+ 10. bxc3 bxc6 11. Ba3 Bd7 12. Rd1 Ne7 13. Qd4 Nf5 14. Qc5 Qe7 15. Nf3 Qxc5 16. Bxc5 f6 17. Bc4 g5 18. 0-0 h5 19. Rfe1 e5 20. Nxe5 fxe5 21. Rxe5+ Kd8 22. Rxf5 Re8 23. Rf7 Kc7 24. Rdxd7+ 1-0

[Event "South America-ch (Women)"]
[Site "Lima"]
[Date "2023.09.16"]
[Round "3"]
[White "Monroy Garzon, Nataly Alejandra"]
[Black "Garcia Andrada, Heidy Nicole"]
[Result "1/2-1/2"]
[WhiteElo "1875"]
[BlackElo "1890"]
[PlyCount "55"]
[EventDate "2023.09.14"]
[EventType "swiss"]
[EventRounds "9"]
[EventCountry "PER"]
[SourceTitle "EXT 2024"]
[Source "ChessBase"]
[SourceDate "2023.10.10"]
[SourceVersion "1"]
[SourceVersionDate "2023.10.10"]
[SourceQuality "1"]

1. d4 b6 2. c4 Bb7 3. Nc3 e6 4. a3 d6 5. e4 Nd7 6. Nf3 c5 7. d5 e5 8. Bd3 g6 9. 0-0 Bg7 10. g3 Ne7 11. Be3 0-0 12. Qd2 Bc8 13. Ng5 h6 14. Nf3 Kh7 15. Nh4 Nf6 16. f4 Ng4 17. f5 Ng8 18. h3 Nxe3 19. Qxe3 Bd7 20. Kh2 h5 21. Rf2 Bh6 22. Qe2 Nf6 23. Raf1 Qe7 24. b3 a6 25. a4 Rab8 26. Kh1 g5 27. Ng2 g4 28. h4 1/2-1/2

[Event "South America-ch (Women)"]
[Site "Lima"]
[Date "2023.09.14"]
[Round "1"]
[White "Vizcarra Quispe, Ramalia Bellaluz"]
[Black "Garcia Andrada, Heidy Nicole"]
[Result "0-1"]
[WhiteElo "1546"]
[BlackElo "1890"]
[PlyCount "54"]
[EventDate "2023.09.14"]
[EventType "swiss"]
[EventRounds "9"]
[EventCountry "PER"]
[SourceTitle "EXT 2024"]
[Source "ChessBase"]
[SourceDate "2023.10.10"]
[SourceVersion "1"]
[SourceVersionDate "2023.10.10"]
[SourceQuality "1"]

1. Nf3 c5 2. c4 Nc6 3. Nc3 e5 4. d3 Nge7 5. g3 h6 6. Bg2 d6 7. 0-0 g6 8. a3 Be6 9. Qa4 a5 10. Nb5 Bg7 11. Qc2 0-0 12. Bd2 Rc8 13. e4 f5 14. h4 f4 15. Qc1 Qd7 16. Rb1 Bg4 17. Kh2 Rf7 18. gxf4 exf4 19. Bc3 Bxc3 20. Nxc3 Nd4 21. Nxd4 cxd4 22. f3 dxc3 23. bxc3 Be6 24. Rb5 Nc6 25. Rg1 Ne5 26. Qd1 Qe7 27. Rh1 Nxd3 0-1

[Event "PER-ch (Women)"]
[Site "Lima"]
[Date "2023.09.02"]
[Round "7"]
[White "Garcia Andrada, Heidy Nicole"]
[Black "Machaca Mina, Adamaris Luciana"]
[Result "1-0"]
[WhiteElo "1904"]
[BlackElo "1250"]
[PlyCount "121"]
[EventDate "2023.08.29"]
[EventType "swiss"]
[EventRounds "9"]
[EventCountry "PER"]
[SourceTitle "EXT 2024"]
[Source "ChessBase"]
[SourceDate "2023.10.10"]
[SourceVersion "1"]
[SourceVersionDate "2023.10.10"]
[SourceQuality "1"]

1. b3 e5 2. Bb2 Nc6 3. e3 Nf6 4. Ne2 d5 5. d3 Bd6 6. a3 Bf5 7. Nd2 Qe7 8. Ng3 Bg6 9. e4 d4 10. Be2 a5 11. Bf3 b5 12. a4 bxa4 13. Rxa4 Bb4 14. 0-0 0-0 15. Nf5 Qd7 16. Nc4 Bxf5 17. exf5 Nd5 18. Bxd5 Qxd5 19. Qg4 f6 20. f3 Rad8 21. Qe4 Ne7 22. Ba3 Bxa3 23. Rxa3 Nc6 24. Rfa1 Nb4 25. Qxd5+ Rxd5 26. Rc1 Ra8 27. Kf2 Kf7 28. Ke2 Ke7 29. Kd2 Kd7 30. Rca1 Nc6 31. Ra4 Rb5 32. g4 h6 33. h3 Ra7 34. h4 Ra8 35. R4a3 Ke7 36. Ra4 Kf7 37. Na3 Rb4 38. Nb1 h5 39. Rxb4 Nxb4 40. Na3 Rh8 41. Rh1 hxg4 42. fxg4 Nd5 43. Nc4 Ke7 44. h5 Kd7 45. Nxa5 Ne3 46. Rg1 Ra8 47. Nc4 Ra2 48. Nxe3 dxe3+ 49. Kc3 Ra6 50. Re1 Rc6+ 51. Kb2 Rd6 52. Rxe3 Rd4 53. Re4 Kd6 54. Kc1 Kd5 55. c4+ Kc5 56. Rxd4 Kxd4 57. g5 fxg5 58. f6 gxf6 59. h6 Kxd3 60. h7 f5 61. h8Q 1-0

[Event "PER-ch (Women)"]
[Site "Lima"]
[Date "2023.09.01"]
[Round "5"]
[White "Vasquez Tanchiva, Katerine Paola"]
[Black "Garcia Andrada, Heidy Nicole"]
[Result "1-0"]
[WhiteElo "1460"]
[BlackElo "1904"]
[PlyCount "109"]
[EventDate "2023.08.29"]
[EventType "swiss"]
[EventRounds "9"]
[EventCountry "PER"]
[SourceTitle "EXT 2024"]
[Source "ChessBase"]
[SourceDate "2023.10.10"]
[SourceVersion "1"]
[SourceVersionDate "2023.10.10"]
[SourceQuality "1"]

1. d4 Nf6 2. c4 g6 3. Nc3 d5 4. Bg5 Ne4 5. Bh4 Nxc3 6. bxc3 Bg7 7. e3 0-0 8. Be2 h6 9. Qb3 dxc4 10. Bxc4 c5 11. Qa3 g5 12. Bg3 cxd4 13. cxd4 Nc6 14. Nf3 Qa5+ 15. Qxa5 Nxa5 16. Bd3 Be6 17. 0-0 Rac8 18. Rfc1 Bc4 19. Bxc4 Nxc4 20. Rc3 Rc6 21. Rac1 Rfc8 22. Ne1 Na5 23. Rxc6 Rxc6 24. Rxc6 Nxc6 25. Nd3 f5 26. Bc7 Kf7 27. d5 e6 28. dxc6 bxc6 29. Bb8 a6 30. Ne5+ Ke7 31. Nxc6+ Kd7 32. Nb4 a5 33. Nd3 Kc6 34. Kf1 Kb5 35. Ke2 Kc4 36. Kd2 Kd5 37. Kc2 e5 38. Kb3 f4 39. Ba7 h5 40. Bb6 h4 41. h3 Bf6 42. exf4 gxf4 43. Bxa5 Ke4 44. Kc4 f3 45. Nc5+ Kf5 46. gxf3 Kf4 47. Nd7 Be7 48. Nxe5 Kxe5 49. Kd3 Kf5 50. Ke2 Ke5 51. Bb6 Bg5 52. Be3 Bd8 53. Kd3 Kd5 54. a4 Ba5 55. Bg5 1-0

[Event "PER-ch (Women)"]
[Site "Lima"]
[Date "2023.08.31"]
[Round "4"]
[White "Garcia Andrada, Heidy Nicole"]
[Black "Caballero Quijano, Mitzy Mishell"]
[Result "0-1"]
[WhiteElo "1904"]
[BlackElo "2045"]
[PlyCount "96"]
[EventDate "2023.08.29"]
[EventType "swiss"]
[EventRounds "9"]
[EventCountry "PER"]
[SourceTitle "EXT 2024"]
[Source "ChessBase"]
[SourceDate "2023.10.10"]
[SourceVersion "1"]
[SourceVersionDate "2023.10.10"]
[SourceQuality "1"]

1. c4 e5 2. Nc3 Nf6 3. e4 Bc5 4. g3 0-0 5. Bg2 d6 6. h3 c6 7. Nge2 Be6 8. d3 Qd7 9. f4 g6 10. Bd2 a6 11. Qc1 Kh8 12. Be3 exf4 13. Nxf4 Qe7 14. 0-0 Bxe3+ 15. Qxe3 Nbd7 16. b3 b5 17. d4 bxc4 18. d5 Bxd5 19. Nfxd5 cxd5 20. Qd4 Qe5 21. Rad1 cxb3 22. axb3 Kg7 23. Nxd5 Nxd5 24. Qxe5+ Nxe5 25. Rxd5 Rab8 26. Rxd6 Rxb3 27. Rd5 Rb5 28. Ra1 Rxd5 29. exd5 a5 30. Kf2 Ra8 31. Ke3 Kf6 32. Kd4 Nd7 33. Bf1 Ke7 34. Bb5 Kd6 35. Bc4 a4 36. Rf1 a3 37. Ra1 Ra4 38. Kc3 Kc5 39. Bb3 Ra8 40. d6 Nf6 41. d7 Nxd7 42. Bxf7 Nf6 43. Ba2 Ne4+ 44. Kb3 Nxg3 45. Rd1 Nf5 46. Rd8 Nd6 47. Kc3 Ra4 48. Rd7 Rh4 0-1

[Event "Pereira Fiestas de la Cosecha op"]
[Site "Pereira"]
[Date "2023.08.25"]
[Round "2"]
[White "Quevedo Perales, Aaron Wilfredo"]
[Black "Garcia Andrada, Heidy Nicole"]
[Result "0-1"]
[WhiteElo "1541"]
[BlackElo "1904"]
[PlyCount "76"]
[EventDate "2023.08.24"]
[EventType "swiss"]
[EventRounds "7"]
[EventCountry "COL"]
[SourceTitle "EXT 2024"]
[Source "ChessBase"]
[SourceDate "2023.10.10"]
[SourceVersion "1"]
[SourceVersionDate "2023.10.10"]
[SourceQuality "1"]

1. e4 c5 2. d4 cxd4 3. c3 dxc3 4. Nxc3 Nc6 5. Nf3 d6 6. Bc4 e6 7. 0-0 a6 8. Qe2 Nge7 9. Rd1 Ng6 10. Be3 Be7 11. Rac1 0-0 12. Bb3 Bd7 13. Ne1 Na5 14. Bc2 b5 15. b3 Rc8 16. Nb1 Nc6 17. a3 Qc7 18. Qh5 Bf6 19. Rd2 Rfd8 20. f4 Qb8 21. Rcd1 Be8 22. g4 e5 23. f5 Nf4 24. Bxf4 exf4 25. g5 Be5 26. f6 Qb6+ 27. Kh1 Nd4 28. Rd3 Bd7 29. Nc3 Rxc3 30. Rxc3 Ne2 31. Qxe2 Bxc3 32. Nd3 Qe3 33. Qxe3 fxe3 34. Nf4 Bg4 35. Rd3 Be5 36. Ng2 e2 37. Re3 Rc8 38. Ne1 Rc3 0-1

[Event "Asuncion CIT op"]
[Site "Asuncion"]
[Date "2023.08.18"]
[Round "9"]
[White "Toniutti, Ezio"]
[Black "Garcia Andrada, Heidy Nicole"]
[Result "1-0"]
[WhiteElo "2182"]
[BlackElo "1904"]
[PlyCount "135"]
[EventDate "2023.08.12"]
[EventType "swiss"]
[EventRounds "9"]
[EventCountry "PAR"]
[SourceTitle "CBM 215 Extra"]
[Source "ChessBase"]
[SourceDate "2023.09.30"]
[SourceVersion "1"]
[SourceVersionDate "2023.09.30"]
[SourceQuality "1"]

1. d4 Nf6 2. c4 e6 3. Nc3 Bb4 4. f3 d5 5. a3 Bxc3+ 6. bxc3 c5 7. cxd5 exd5 8. e3 0-0 9. Bd3 b6 10. Ne2 Ba6 11. 0-0 Qe7 12. Ng3 Re8 13. Bxa6 Nxa6 14. Ra2 Rad8 15. Raf2 Qd7 16. Qd3 Nc7 17. Bb2 Qb5 18. Qd2 Rd7 19. Nf5 Ne6 20. g4 Qc6 21. Rg2 Kh8 22. Qf2 c4 23. Qh4 Nf8 24. Bc1 Ng6 25. Qf2 Ne7 26. Ng3 Ng6 27. Ne2 Qa4 28. h4 Qc2 29. h5 Nf8 30. Qe1 Qb1 31. Nf4 Ne6 32. Rb2 Qa1 33. Nxe6 Rxe6 34. Rb4 a5 35. Rb5 Ne8 36. Qd2 Nc7 37. Qb2 Qxb2 38. Rxb2 f6 39. Bd2 Kg8 40. Rfb1 Rdd6 41. Kf2 g6 42. hxg6 hxg6 43. Ke2 f5 44. Ra1 Kf7 45. Rh1 Kg7 46. g5 Rd8 47. Rbb1 Rh8 48. Rxh8 Kxh8 49. Be1 f4 50. Bd2 fxe3 51. Bxe3 Ne8 52. Kf2 Nd6 53. Bf4 Nf7 54. Rb5 Kg7 55. Rxd5 Re7 56. Rb5 Rb7 57. d5 Kf8 58. Ke3 Re7+ 59. Kd4 Re1 60. Rxb6 Rd1+ 61. Kxc4 Rf1 62. Rxg6 Rxf3 63. Rf6 Kg7 64. d6 Rf1 65. Kc5 Rd1 66. Be3 Rd3 67. Bd4 Rg3 68. Rf3+ 1-0

[Event "Asuncion CIT op"]
[Site "Asuncion"]
[Date "2023.08.17"]
[Round "8"]
[White "Garcia Andrada, Heidy Nicole"]
[Black "Toledo, Orlando"]
[Result "1-0"]
[WhiteElo "1904"]
[BlackElo "1637"]
[PlyCount "119"]
[EventDate "2023.08.12"]
[EventType "swiss"]
[EventRounds "9"]
[EventCountry "PAR"]
[SourceTitle "CBM 215 Extra"]
[Source "ChessBase"]
[SourceDate "2023.09.30"]
[SourceVersion "1"]
[SourceVersionDate "2023.09.30"]
[SourceQuality "1"]

1. e4 c6 2. c4 d5 3. cxd5 cxd5 4. exd5 Qxd5 5. Nc3 Qa5 6. d4 e6 7. Nf3 Nf6 8. Bc4 Be7 9. 0-0 0-0 10. a3 Qc7 11. Qe2 a6 12. Bg5 b5 13. Bd3 Bb7 14. Rac1 Qd8 15. Rfd1 Nbd7 16. Ne5 Nb6 17. Bxf6 Bxf6 18. Ne4 Bxe4 19. Bxe4 Nd5 20. Qf3 Rc8 21. Rxc8 Qxc8 22. Ng4 Bg5 23. h4 Bxh4 24. Bxd5 exd5 25. Ne3 Qc6 26. Qxd5 Qxd5 27. Nxd5 Rd8 28. Nc3 Bf6 29. Ne2 Rd5 30. f3 h5 31. Kf2 g6 32. Ke3 Kf8 33. Rc1 Ke7 34. Rc8 Rd8 35. Rxd8 Kxd8 36. Ke4 Kd7 37. Kd5 Bg5 38. b3 Be7 39. a4 bxa4 40. bxa4 a5 41. Nc1 f6 42. Nd3 g5 43. Nb2 h4 44. Nc4 Bb4 45. Ke4 Bc3 46. Ne3 Ke6 47. Nf5 Kf7 48. Kd5 Bb4 49. Ne3 Bd2 50. Nf5 Bb4 51. Ke4 Kg6 52. d5 Kf7 53. Nd4 Bc3 54. Nc6 Ke8 55. Na7 Kd7 56. Nb5 Be5 57. Kf5 Ke7 58. Na7 Kd6 59. Ke4 Bc3 60. Nb5+ 1-0

[Event "Asuncion CIT op"]
[Site "Asuncion"]
[Date "2023.08.15"]
[Round "5"]
[White "Aquino Sanchez, Rodrigo Catriel"]
[Black "Garcia Andrada, Heidy Nicole"]
[Result "1-0"]
[WhiteElo "1535"]
[BlackElo "1904"]
[PlyCount "133"]
[EventDate "2023.08.12"]
[EventType "swiss"]
[EventRounds "9"]
[EventCountry "PAR"]
[SourceTitle "CBM 215 Extra"]
[Source "ChessBase"]
[SourceDate "2023.09.30"]
[SourceVersion "1"]
[SourceVersionDate "2023.09.30"]
[SourceQuality "1"]

1. e4 c5 2. Nc3 Nc6 3. g3 g6 4. Bg2 Bg7 5. d3 d6 6. Be3 e6 7. f4 h5 8. h3 Nge7 9. Nf3 Nd4 10. Qd2 Rb8 11. 0-0 b5 12. Nd1 d5 13. c3 Nxf3+ 14. Bxf3 d4 15. Bf2 Bb7 16. Bg2 Qd7 17. Rc1 0-0 18. c4 b4 19. b3 e5 20. Qe2 Bh6 21. Be1 h4 22. Rc2 hxg3 23. Bxg3 exf4 24. Bxf4 Bxf4 25. Rxf4 Kg7 26. Nf2 f5 27. exf5 Bxg2 28. Qe5+ Kg8 29. Rh4 Rb6 30. Rh8+ Kf7 31. Rh7+ Ke8 32. Re2 Rf7 33. Qh8+ Rf8 34. Rhxe7+ Qxe7 35. Rxe7+ Kxe7 36. Qe5+ Kd7 37. Kxg2 Rxf5 38. Qg7+ Ke8 39. Ne4 Re6 40. Qc7 Kf8 41. Qd8+ Re8 42. Qxe8+ Kxe8 43. Nd6+ Kf8 44. Nxf5 gxf5 45. Kf3 Kg7 46. Kf4 Kg6 47. h4 Kh5 48. Kxf5 Kxh4 49. Kf4 Kh3 50. Kf3 a5 51. Ke4 Kg4 52. Kd5 Kf4 53. Kxc5 Ke3 54. Kb5 Kxd3 55. c5 Ke3 56. c6 d3 57. c7 d2 58. c8Q d1Q 59. Qc5+ Ke4 60. Kxa5 Qd8+ 61. Kxb4 Qb8+ 62. Ka3 Qa8+ 63. Kb2 Kd3 64. Qc2+ Kd4 65. a4 Qa5 66. Qc4+ Ke5 67. Qc3+ 1-0

[Event "Manizales Americas op"]
[Site "Manizales"]
[Date "2022.10.17"]
[Round "8"]
[White "Negron Lizarazo, Juan Sebastian"]
[Black "Garcia Andrada, Heidy Nicole"]
[Result "1/2-1/2"]
[WhiteElo "1565"]
[BlackElo "2011"]
[PlyCount "107"]
[EventDate "2022.10.14"]
[EventType "swiss"]
[EventRounds "8"]
[EventCountry "COL"]
[SourceTitle "CBM 210 Extra"]
[Source "ChessBase"]
[SourceDate "2022.11.30"]
[SourceVersion "1"]
[SourceVersionDate "2022.11.30"]
[SourceQuality "1"]

1. d4 Nf6 2. Nf3 g6 3. e3 Bg7 4. Be2 0-0 5. 0-0 d5 6. b3 c5 7. Bb2 cxd4 8. exd4 Nc6 9. c4 Bf5 10. Nc3 Rc8 11. h3 Qb6 12. cxd5 Nb4 13. Bc4 Qd8 14. Qe2 Nbxd5 15. Nxd5 Nxd5 16. Bxd5 Qxd5 17. Qxe7 Bxh3 18. Qh4 Bf5 19. Rac1 Qe4 20. Qxe4 Bxe4 21. Ne5 Rfd8 22. f3 Bd5 23. Rf2 Rxc1+ 24. Bxc1 f6 25. Ng4 h5 26. Ne3 f5 27. Bb2 f4 28. Nxd5 Rxd5 29. Rd2 Kf7 30. Kf2 Rd7 31. Ke2 Re7+ 32. Kd3 b5 33. Re2 Rd7 34. Re4 g5 35. Ba3 Kg6 36. Bc5 Kf5 37. Re7 Rxe7 38. Bxe7 g4 39. d5 a6 40. d6 Ke6 41. Ke4 Bh6 42. Kd4 Bg7+ 43. Kc5 Be5 44. Kc6 g3 45. Bf8 h4 46. d7 Bf6 47. Kc7 Kd5 48. b4 Kc4 49. Bg7 Be7 50. Bf8 Bf6 51. Bg7 Be7 52. Bf8 Bf6 53. Bg7 Be7 54. Bf8 1/2-1/2

[Event "Manizales Americas op"]
[Site "Manizales"]
[Date "2022.10.16"]
[Round "6"]
[White "Ocampo Betancur, Cristina Angela"]
[Black "Garcia Andrada, Heidy Nicole"]
[Result "1-0"]
[WhiteElo "1909"]
[BlackElo "2011"]
[PlyCount "73"]
[EventDate "2022.10.14"]
[EventType "swiss"]
[EventRounds "8"]
[EventCountry "COL"]
[SourceTitle "CBM 210 Extra"]
[Source "ChessBase"]
[SourceDate "2022.11.30"]
[SourceVersion "1"]
[SourceVersionDate "2022.11.30"]
[SourceQuality "1"]

1. e4 e6 2. d4 b6 3. Bd3 Bb7 4. Nf3 d6 5. Qe2 Nd7 6. 0-0 c5 7. c3 Qc7 8. Bf4 Ne7 9. Nbd2 Ng6 10. Bg3 Be7 11. Rfe1 a6 12. Rac1 0-0 13. b4 e5 14. bxc5 bxc5 15. Nc4 Bc6 16. Qd2 Rfe8 17. h4 h5 18. Ne3 Nf6 19. Nf5 c4 20. Bc2 Rab8 21. Rb1 Rb5 22. Rb4 Rxb4 23. cxb4 Qb7 24. Ng5 Bf8 25. a3 Qc7 26. Qc3 Bd7 27. Ne3 Rc8 28. Nd5 exd4 29. Qxd4 Qd8 30. Nxf6+ Qxf6 31. e5 Qe7 32. e6 f6 33. Bxg6 fxg5 34. Qd1 Be8 35. Bxe8 Rxe8 36. Qxh5 g4 37. Bxd6 1-0

[Event "Manizales Americas op"]
[Site "Manizales"]
[Date "2022.10.15"]
[Round "4"]
[White "Zuluaga, Nicolas"]
[Black "Garcia Andrada, Heidy Nicole"]
[Result "0-1"]
[WhiteElo "1634"]
[BlackElo "2011"]
[PlyCount "66"]
[EventDate "2022.10.14"]
[EventType "swiss"]
[EventRounds "8"]
[EventCountry "COL"]
[SourceTitle "CBM 210 Extra"]
[Source "ChessBase"]
[SourceDate "2022.11.30"]
[SourceVersion "1"]
[SourceVersionDate "2022.11.30"]
[SourceQuality "1"]

1. d4 e6 2. c4 b6 3. Nf3 Bb7 4. Nc3 Bb4 5. Bd2 f5 6. a3 Bxc3 7. Bxc3 Nf6 8. e3 d6 9. g3 Ne4 10. Bg2 Nd7 11. Qc2 Ndf6 12. 0-0 0-0 13. Nd2 Nxd2 14. Bxd2 Be4 15. Qb3 Qe7 16. f3 Bb7 17. Rae1 Kh8 18. e4 fxe4 19. fxe4 e5 20. d5 h6 21. Qd1 Bc8 22. h3 Bd7 23. Re3 Qe8 24. Ref3 Qg6 25. Kh2 Kg8 26. Re3 Rf7 27. b4 Raf8 28. Rg1 Ng4+ 29. Kh1 Nf2+ 30. Kh2 Nxd1 31. Rxd1 Rf2 32. Be1 Qh5 33. Bxf2 Qxd1 0-1

[Event "Ibague Blitz op"]
[Site "Ibague"]
[Date "2022.10.08"]
[Round "9"]
[White "Garcia Andrada, Heidy Nicole"]
[Black "Dominguez Rincon, Miller Duvan"]
[Result "0-1"]
[WhiteElo "1911"]
[BlackElo "1973"]
[PlyCount "60"]
[EventDate "2022.10.08"]
[EventType "swiss (blitz)"]
[EventRounds "9"]
[EventCountry "COL"]
[SourceTitle "CBM 210 Extra"]
[Source "ChessBase"]
[SourceDate "2022.11.30"]
[SourceVersion "1"]
[SourceVersionDate "2022.11.30"]
[SourceQuality "1"]

1. e4 e5 2. Nf3 Nc6 3. Bc4 Bc5 4. c3 Nf6 5. d3 a6 6. Bb3 Ba7 7. 0-0 d6 8. h3 h6 9. Bc2 g5 10. Nh2 g4 11. Nxg4 Nxg4 12. hxg4 Rg8 13. g5 hxg5 14. Qh5 Qf6 15. Be3 g4 16. Qh2 g3 17. Qh5 gxf2+ 18. Bxf2 Bg4 19. Qh2 Bxf2+ 20. Rxf2 Qg5 21. Nd2 0-0-0 22. Nf3 Qg7 23. Kf1 Rh8 24. Qg3 Rh1+ 25. Ng1 Rg8 26. Ke1 Rxg1+ 27. Kd2 Rxa1 28. Bb3 Qg5+ 29. Qe3 Qxe3+ 30. Kxe3 Be6 0-1

[Event "Ibague Blitz op"]
[Site "Ibague"]
[Date "2022.10.08"]
[Round "2"]
[White "Perez Leyton, Jafet Yesid"]
[Black "Garcia Andrada, Heidy Nicole"]
[Result "0-1"]
[WhiteElo "1567"]
[BlackElo "1911"]
[PlyCount "84"]
[EventDate "2022.10.08"]
[EventType "swiss (blitz)"]
[EventRounds "9"]
[EventCountry "COL"]
[SourceTitle "CBM 210 Extra"]
[Source "ChessBase"]
[SourceDate "2022.11.30"]
[SourceVersion "1"]
[SourceVersionDate "2022.11.30"]
[SourceQuality "1"]

1. e4 c5 2. Nf3 e6 3. d4 cxd4 4. Nxd4 a6 5. Be3 Qc7 6. Nc3 Bb4 7. Qd3 Nf6 8. 0-0-0 Bxc3 9. bxc3 d5 10. f3 Nbd7 11. exd5 Nxd5 12. c4 Ne5 13. Qb3 Nxe3 14. Qxe3 0-0 15. Qb3 Bd7 16. f4 Nc6 17. Nxc6 Bxc6 18. Qe3 Rac8 19. Bd3 b5 20. f5 exf5 21. Bxf5 Rce8 22. Qd3 g6 23. Bh3 Qf4+ 24. Kb2 bxc4 25. Qd4 Qxd4+ 26. Rxd4 Bb5 27. Rd6 Rb8 28. Kc3 Rfe8 29. Bd7 Re3+ 30. Kd4 Re2 31. Rc1 Rd8 32. a4 Rxd7 33. Rxd7 Bxd7 34. Kxc4 Bxa4 35. Kb4 Bxc2 36. Rg1 Be4 37. g3 Rxh2 38. Ka5 Rg2 39. Rxg2 Bxg2 40. Kxa6 h5 41. Kb5 g5 42. Kc4 h4 0-1